Cải thiện quy trình nhận diện các dòng vi khuẩn Xanthomonas oryzae pv. oryzae gây bệnh bạc lá lúa : Báo cáo tổng kết đề tài khoa học và công nghệ cấp Trường

Đề tài thu thập, phân lập và xác định nguồn bệnh bạc lá để phân tích sự đa dạng của các chủng phân lập.

Gorde:
Xehetasun bibliografikoak
Egile nagusia: Nguyễn, Thị Liên
Formatua: Liburua
Hizkuntza:Undetermined
Argitaratua: Cần Thơ Trường Đại học Cần Thơ 2013
Gaiak:
Etiketak: Etiketa erantsi
Etiketarik gabe, Izan zaitez lehena erregistro honi etiketa jartzen!
Thư viện lưu trữ: Trung tâm Học liệu Trường Đại học Cần Thơ
LEADER 01175nam a2200229Ia 4500
001 CTU_203454
008 210402s9999 xx 000 0 und d
082 |a 633.18 
082 |b L305 
088 |a T2013-80 
100 |a Nguyễn, Thị Liên 
245 0 |a Cải thiện quy trình nhận diện các dòng vi khuẩn Xanthomonas oryzae pv. oryzae gây bệnh bạc lá lúa : 
245 0 |b Báo cáo tổng kết đề tài khoa học và công nghệ cấp Trường 
245 0 |c Nguyễn Thị Liên (chủ nhiệm đề tài) ; Trần Thị Xuân Mai, Phan Anh Hậu, Nguyễn Thúy Hoa (tham gia thực hiện) 
260 |a Cần Thơ 
260 |b Trường Đại học Cần Thơ 
260 |c 2013 
520 |a Đề tài thu thập, phân lập và xác định nguồn bệnh bạc lá để phân tích sự đa dạng của các chủng phân lập. 
650 |a Microbiology,Vi sinh vật,Rice,Cây lúa 
650 |x Diseases and pests,Dịch bệnh và sâu bệnh 
904 |i Qhieu 
980 |a Trung tâm Học liệu Trường Đại học Cần Thơ